000
00241nam a2200109Ia 4500
008
190912s9999||||xx |||||||||||||| ||und||
100
_a
Heinz weihrich
245
0
_a
Management
260
_a
USA
_b
Prentice
_c
1997
300
_a
744
942
_c
BK
999
_c
7136
_d
7136